000 00575nam a2200229Ia 4500
003 OSt
005 20220918200622.0
006 a|||||r|||| 00| 0
007 ta
008 220917b |||||||| |||| 00| 0 eng d
024 _a89,555
037 _cTextual
040 _aARTS
_cARTS
_beng
041 _2eng
_aeng
082 _aU5.235, L8
100 _aSingh G S
_993477
245 0 _aPolitical geography of an Indian State Jaipur
260 _c1978
650 _aGEOPOLITICS
_940978
942 _hU5.235, L8
_cTEXL
_2CC
999 _c213225
_d213225